El siglo de Hannah Arendt (Registro nro. 63250)

Detalles MARC
000 -ENCABEZADO
Número de control [NR] 00965nam a2200265Ia 4500
005 - FECHA Y HORA DE LA ÚLTIMA TRANSACCIÓN
control field 20211111081031.0
008 - DE LONGITUD FIJA DE DATOS DE ELEMENTOS - INFORMACIÓN GENERAL
Elementos de longitud fija [NR] 130821s2006 sp gr spa
020 ## - NUMERO INTERNACIONAL NORMALIZADO PARA LIBROS [R]
Número Internacional Normalizado del libro [NR] 9788449319396
040 ## - FUENTE DE CATALOGACION [NR]
Agencia de catalogación original [NR] Co-BoUCM
Idioma de catalogación [NR] spa
Quien Cataloga Jose A. Gerena (modificó)
Quien Clasifica [Nuevo]
041 00 - CODIGO DE IDIOMA [R]
Código de idioma para texto/pista de sonido o título separado [R] Español
245 13 - MENCION DE TITULO [NR]
Título [NR] El siglo de Hannah Arendt
Mención de responsabilidad, etc. [NR] Seyla Benhabib...[et al.]. ; Manuel Cruz, compilador
260 ## - PUBLICACION, DISTRIBUCION, ETC. (PIE DE IMPRENTA) [R]
Lugar de publicación, distribución, etc. [R] Barcelona (España)
Nombre del editor, distribuidor, etc. [R] Paidós
Fecha de publicación, distribución, etc. [R] 2006
300 ## - DESCRIPCION FISICA [R]
Extensión [R] 138 páginas
490 #0 - MENCION DE SERIE [R]
Mención de serie [R] Paidós Básica
Designación numérica/secuencial del volumen [NR] 127
500 ## - NOTA GENERAL [R]
Nota general [NR] Incluye bibliografía.
600 14 - ASIENTO SECUNDARIO DE MATERIA - NOMBRE PERSONAL [R]
Nombre personal [NR] Arendt Hannah
Fechas asociadas con el nombre [NR] 1906-1975
Subdivisión general [R] Crítica e interpretación, etc.
9 (RLIN) 1032
600 14 - ASIENTO SECUNDARIO DE MATERIA - NOMBRE PERSONAL [R]
Nombre personal [NR] Arendt Hannah
Fechas asociadas con el nombre [NR] 1906-1975
Subdivisión general [R] Pensamiento político y social
9 (RLIN) 1032
650 04 - ASIENTO SECUNDARIO DE MATERIA - TERMINO TEMATICO [R]
Término temático o nombre geográfico como elemento de entrada [NR] Ciencia política
9 (RLIN) 340
650 04 - ASIENTO SECUNDARIO DE MATERIA - TERMINO TEMATICO [R]
Término temático o nombre geográfico como elemento de entrada [NR] Ideologías políticas
9 (RLIN) 7703
690 ## - ASUNTO AGREGADO LOCAL DE ENTRADA - TÉRMINO TEMÁTICO (OCLC, RLIN)
Acceso temático local Ciencia política
9 (RLIN) 340
700 1# - ASIENTO SECUNDARIO - NOMBRE PERSONAL [R]
Nombre personal [NR] Benhabib, Seyla
9 (RLIN) 66477
700 1# - ASIENTO SECUNDARIO - NOMBRE PERSONAL [R]
Nombre personal [NR] Cruz, Manuel
9 (RLIN) 35498
942 ## - ELEMENTOS DE ENTRADA AGREGADOS (KOHA)
Tipo de ítem principal el descrito en 300a Libro
Tema principal Ciencia política
Edición 1
Parte restante de la signatura top. S577
Sistema de clasificación DEWEY
Clasificación 320.5092
Existencias
Fecha de último préstamo Total préstamos Total Renewals Signatura topográfica Código de barras Última vez visto Ejemplar Costo de reposición Price effective from Tipo de ítem Perdido Sistema de clasificación Dañado No prestable Tipo de ítem específico Suprimido Ubicación habitual Ubicación actual Localización Fecha de creación Proveedor Forma de adquisición Costo
16/04/2018 1 1 320.5092 S577 100144679 06/06/2024 Ej.2 26000.00 02/12/2014 Libro   DEWEY     Libro   Bodega Bodega 3er piso 02/12/2014 12 Donación 0.00